Skinns v Greenwood (Record no. 70493)
[ view plain ]
| 000 -LEADER | |
|---|---|
| fixed length control field | 01430cam a2200241 4500 |
| 001 - CONTROL NUMBER | |
| control field | ABS65639 |
| 008 - FIXED-LENGTH DATA ELEMENTS--GENERAL INFORMATION | |
| fixed length control field | 020618n2002 000 0 eng u |
| 035 ## - SYSTEM CONTROL NUMBER | |
| System control number | (Sirsi) u118433 |
| 245 ## - TITLE STATEMENT | |
| Title | Skinns v Greenwood |
| 260 ## - PUBLICATION, DISTRIBUTION, ETC. | |
| Date of publication, distribution, etc. | 2002 |
| 490 ## - SERIES STATEMENT | |
| Series statement | Estates Gazette |
| Volume/sequential designation | [2002] 22 EG 137-139(3) |
| 520 ## - SUMMARY, ETC. | |
| Summary, etc. | CA 27 March 2002. During the 1960s, the appellant tenant and her husband were granted , by S's parents, a lease of a house for a term of 90 years. S's brother was the landlord and the lease provided that on the death of the last persons comprising the tenant, their executors could serve notice to determine the tenancy by giving not less than one month's notice. In 1996 S's father died and G became the landlord. In 1998 S claimed the right to enfranchise under the Leasehold Reform Act 1967. G disputed that right, arguing that the lease was not a long tenancy within the meaning of the Act. S appealed against a decision of Highes J, who had allowed G's appeal from the decision of the county court judge. "Held" the appeal was dismissed. |
| 590 ## - LOCAL NOTE (RLIN) | |
| Local note | ABS |
| 650 ## - SUBJECT ADDED ENTRY--TOPICAL TERM | |
| Topical term or geographic name entry element | SKINNS V GREENWOOD |
| 650 ## - SUBJECT ADDED ENTRY--TOPICAL TERM | |
| Topical term or geographic name entry element | LONG TENANCIES |
| 650 ## - SUBJECT ADDED ENTRY--TOPICAL TERM | |
| Topical term or geographic name entry element | LEASEHOLD REFORM ACT 1967 S3(1B) |
| 650 ## - SUBJECT ADDED ENTRY--TOPICAL TERM | |
| Topical term or geographic name entry element | LEASEHOLD REFORM ACT 1967 S1(1) |
| 650 ## - SUBJECT ADDED ENTRY--TOPICAL TERM | |
| Topical term or geographic name entry element | LEASEHOLD REFORM ACT 1967 S1AA |
| 650 ## - SUBJECT ADDED ENTRY--TOPICAL TERM | |
| Topical term or geographic name entry element | LEASEHOLD ENFRANCHISEMENT |
| 650 ## - SUBJECT ADDED ENTRY--TOPICAL TERM | |
| Topical term or geographic name entry element | NOTICE OF DETERMINATION |
| 690 ## - LOCAL SUBJECT ADDED ENTRY--TOPICAL TERM (OCLC, RLIN) | |
| Topical term or geographic name as entry element | LANDLORD AND TENANT-RESIDENTIAL TENANCIES-CASE LAW |
| 942 ## - ADDED ENTRY ELEMENTS (KOHA) | |
| Suppress in OPAC | 0 |
| Withdrawn status | Lost status | Source of classification or shelving scheme | Damaged status | Not for loan | Home library | Current library | Shelving location | Date acquired | Total Checkouts | Full call number | Barcode | Date last seen | Copy number | Price effective from | Koha item type |
|---|---|---|---|---|---|---|---|---|---|---|---|---|---|---|---|
| Dewey Decimal Classification | London | London | Journal article | 18/06/2002 | ABS65639 | 118433-1001 | 06/08/2019 | 1 | 06/08/2019 | Law report |